| Tag |
First Indicator |
Second Indicator |
Subfields |
| LEADER |
00000cas a2200000 a 4500 |
| 001 |
in00002787933 |
| 005 |
20151202171608.0 |
| 006 |
m o d |
| 007 |
cr ||||||||||| |
| 008 |
810810d19191922mauqr poo 0 0eng c |
| 010 |
|
|
|a 2010234707
|
| 019 |
|
|
|a 61314053
|a 606480635
|a 657173822
|
| 022 |
|
|
|y 0148-8937
|
| 029 |
1 |
|
|a OCLCS
|b OP-7006
|
| 029 |
1 |
|
|a AU@
|b 000043830382
|
| 029 |
1 |
|
|a AU@
|b 000044945036
|
| 029 |
1 |
|
|a OCLCS
|b 81628
|
| 029 |
1 |
|
|a AU@
|b 000045723857
|
| 035 |
|
|
|a (OCoLC)ocm61677428
|
| 035 |
|
|
|a (OCoLC)61677428
|z (OCoLC)61314053
|z (OCoLC)606480635
|z (OCoLC)657173822
|
| 040 |
|
|
|a QCL
|c QCL
|d OCLCQ
|d EYM
|d HUL
|d OCLCE
|d MYG
|d DOS
|d OCLCQ
|d TXA
|d UtOrBLW
|
| 042 |
|
|
|a pcc
|
| 049 |
|
|
|a TXAM
|
| 050 |
1 |
4 |
|a JZ6.5
|b .J685 Electronic
|
| 082 |
1 |
4 |
|a 327
|2 12
|
| 130 |
0 |
|
|a Journal of international relations (Clark University (Worcester, Mass.) : Online)
|
| 245 |
1 |
4 |
|a The journal of international relations.
|
| 246 |
1 |
|
|a J. Int'l Rel.
|
| 264 |
|
1 |
|a Worcester, Mass. :
|b Clark University,
|c 1919-1922.
|
| 310 |
|
|
|a Quarterly
|
| 336 |
|
|
|a text
|b txt
|2 rdacontent
|
| 337 |
|
|
|a computer
|b c
|2 rdamedia
|
| 338 |
|
|
|a online resource
|b cr
|2 rdacarrier
|
| 362 |
0 |
|
|a Vol. 10, no. 1 (July 1919)-v. 12, no. 4 (Apr. 1922).
|
| 588 |
|
|
|a Description based on: Vol. 10, no. 1 (July 1919); title from content page (JSTOR, viewed June 16, 2010).
|
| 588 |
|
|
|a Final issue consulted: Vol. 12, no. 4 (Apr. 1922).
|
| 500 |
|
|
|a Electronic resource.
|
| 650 |
|
0 |
|a International relations
|v Periodicals.
|
| 650 |
|
0 |
|a Race relations
|v Periodicals.
|
| 710 |
2 |
|
|a Clark University (Worcester, Mass.)
|
| 776 |
0 |
8 |
|i Print version:
|t Journal of international relations (Clark University (Worcester, Mass.))
|x 0148-8937
|w (DLC) 12004999
|w (OCoLC)7655953
|
| 780 |
0 |
0 |
|t Journal of race development (Online)
|w (OCoLC)61283838
|w (DLC) 2010234708
|
| 785 |
0 |
0 |
|t Foreign affairs (Council on Foreign Relations : Online)
|w (DLC) 2005263056
|w (OCoLC)60617857
|
| 948 |
|
|
|a cataloged
|b h
|c 2012/12/3
|d c
|e spoltoratski
|f 1:58:19 pm
|g sc
|
| 994 |
|
|
|a C0
|b TXA
|
| 999 |
|
|
|a MARS
|
| 999 |
f |
f |
|s c8ee0eb6-08ae-3ba5-ae59-e5026f53a7aa
|i ec39ff3e-0e19-31b7-bc14-050b1d3795f2
|t 0
|
| 952 |
f |
f |
|a Texas A&M University
|b College Station
|c Electronic Resources
|d Available Online
|t 0
|e JZ6.5 .J685
|g Electronic
|h Library of Congress classification
|
| 998 |
f |
f |
|a JZ6.5 .J685
|t 0
|l Available Online
|